La crisis de las ciudades: un lugar para vivir
Saved in:
| Hovedforfatter: | |
|---|---|
| Format: | Bog |
| Sprog: | spansk |
| Udgivet: |
Buenos Aires
Marymar
1972
|
| Fag: | |
| Tags: |
Tilføj Tag
Ingen Tags, Vær først til at tagge denne postø!
|
MARC
| LEADER | 00000nam a2200000 a 4500 | ||
|---|---|---|---|
| 001 | UCZ1234 | ||
| 003 | CL-VaPUC | ||
| 008 | 950817e19720000AG |||||||||||||||||spa|d | ||
| 082 | 0 | 4 | |a 711.4 |b ECK |2 21 |
| 100 | 0 | |a Eckardt, Wolf von |e author |9 344719 | |
| 245 | 1 | 3 | |a La crisis de las ciudades: un lugar para vivir |
| 300 | |a 496 p | ||
| 942 | |c BK | ||
| 945 | |d 19950817 00:00:00 |a aalvarez | ||
| 260 | |a Buenos Aires |b Marymar |c 1972 | ||
| 650 | 0 | |a Ciudades |9 265474 | |
| 650 | 7 | |a PLANIFICACION |2 CL-VaPUC |9 260802 | |
| 650 | 0 | |a Urbanismo |9 255208 | |
| 583 | |a last modification |c 19950817 00:00:00 |k Rodrigo Vera | ||
| 999 | |c 238017 |d 238015 | ||
| 952 | |0 0 |1 0 |4 0 |6 711_400000000000000_ECK_1972 |7 0 |8 P |9 247911 |a BIBARQ |b BIBARQ |d 2019-11-18 |i 3123839 |o 711.4 ECK 1972 |p 3123839 |r 2025-01-20 |w 2019-11-18 |y BK |k ARQ | ||